000 01060njm a2200313 c 4500
003 BLK
005 20180421002410.0
008 180410b bul||n||s|||||||| n|bulo|
010 _aCDD00001818000
040 _aBLK
041 _aRUS
_cRUS
080 _aРуски език
_b811.161.1
_x-1(02.034)
_z811.161.1-1(02.034)
139 _aРуски език
_bР 95
245 1 0 _aРуски език [CD аудио]
_bСамоучител в диалози : CD 1 - 2
_nCD 2
_pАзбука, произношение от VІІ до ХVІІ урок
257 _aBGR
260 Плевен
_bГрамма
_c2006
300 _c12 см
380 _a80
590 _aS.N: 59550 от КНИГИ
650 4 _aРуски език
_9262992
653 _aруски език
653 _aCD-ROM
760 1 _d2006
_tCD 2 Азбука, произношение от VІІ до ХVІІ урок
852 _aЦб CD 1020
_p0
856 4 _qpdf
_u
856 4 _qpdf
_u
942 _cCDD
_n0
944 _aCR
_c25.05.2006
_kТеодора_Стоянова
944 _aED
_c03.11.2010
_k
999 _c219452
_d219452